| 000 | 00490cam a2200193ua 4500 | ||
|---|---|---|---|
| 020 | _c1.75 | ||
| 041 |
_aeng _h |
||
| 082 |
_a425 _bVAS/GE |
||
| 100 | _aVasudeva Panicker, K M. | ||
| 245 |
_aGeneral English for degree classes / _cK M Vasudeva Panicker. _hTextual Documents |
||
| 250 |
_a1 / _b. |
||
| 260 |
_aThiruvananthapuram : _bAlliance Printing Works. |
||
| 300 | _a160 ; . | ||
| 365 | _a1.75 | ||
| 504 | _a | ||
| 942 | _cBK | ||
| 999 |
_c8615 _d8615 |
||